00409nam a2200169Ia 4500008004100000020001400041245002100055245004500076260001500121260001600136260000900152300001500161300002500176300001000201440002000211500000800231170705s9999 xx 000 0 und d a590477641 aAmelia Bedelia / cPeggy Parish ; pictures by Fritz Siebel. aNew York : bScholastic, c1963 a63 pages : bcolor illustration ; c22cm. aAmelia Bedelia. a130